[Event "Reykjavik Chess Congress 2020"]
[Site "Reykjavik"]
[Date "2020.01.15"]
[Round "4.1"]
[White "Kjartansson, Gudmundur"]
[Black "Stefansson, Vignir Vatnar"]
[Result "1-0"]
[WhiteElo "2453"]
[BlackElo "2323"]
[Annotator "RC"]
[PlyCount "89"]
[EventDate "2020.01.05"]
[EventType "swiss"]
[EventCountry "ISL"]
[SourceTitle "playchess.com"]
[Source "ChessBase"]
[SourceQuality "1"]
[TimeControl "40/5400+30:900+30"]

1. c4 e5 2. g3 h5 3. Nf3 {[%emt 0:01:00]} Nc6 {[%emt 0:01:00]} 4. Nc3 {[%emt 0:00:30]} Be7 {[%emt 0:00:30]} 5. h4 {[%emt 0:00:30]} Bc5 {[%emt 0:00:30]} 6. e3 {[%emt 0:00:30]} d6 {[%emt 0:00:30]} 7. a3 {[%emt 0:00:30]} Bg4 {[%emt 0:00:30]} 8. b4 {[%emt 0:00:30]} Bb6 {[%emt 0:00:30]} 9. Bg2 {[%emt 0:00:30]} Nge7 {[%emt 0:00:30]} 10. Qc2 {[%emt 0:00:30]} a5 {[%emt 0:00:30]} 11. Rb1 {[%emt 0:00:30]} axb4 {[%emt 0:00:30]} 12. axb4 {[%emt 0:00:30]} Qd7 {[%emt 0:00:30]} 13. Ng5 {[%emt 0:00:30]} f6 {[%emt 0:00:30]} 14. Nge4 {[%emt 0:00:30]} Be6 {[%emt 0:00:30]} 15. d3 {[%emt 0:00:30]} d5 {[%emt 0:00:30]} 16. cxd5 {[%emt 0:00:30]} Nxd5 {[%emt 0:00:30]} 17. Nxd5 {[%emt 0:00:30]} Bxd5 {[%emt 0:00:30]} 18. O-O {[%emt 0:00:30]} Kf7 {[%emt 0:00:30]} 19. Bd2 {[%emt 0:00:30]} Ra2 {[%emt 0:00:30]} 20. Rb2 {[%emt 0:00:30]} Rxb2 {[%emt 0:00:30]} 21. Qxb2 {[%emt 0:00:30]} Ra8 {[%emt 0:00:30]} 22. Ra1 {[%emt 0:00:30]} Rxa1+ {[%emt 0:00:30]} 23. Qxa1 {[%emt 0:00:30]} Be6 {[%emt 0:00:30]} 24. Qd1 {[%emt 0:00:30]} Bg4 {[%emt 0:00:30]} 25. Qc2 {[%emt 0:00:30]} Be6 {[%emt 0:00:30]} 26. Bf3 {[%emt 0:00:30]} Bg4 {[%emt 0:00:30]} 27. Qa2+ {[%emt 0:00:30]} Kg6 {[%emt 0:00:30]} 28. Bxg4 {[%emt 0:00:30]} Qxg4 {[%emt 0:00:30]} 29. Qa8 {[%emt 0:00:30]} Qd7 {[%emt 0:00:30]} 30. Qxb7 {[%emt 0:00:30]} Nd8 {[%emt 0:00:30]} 31. Qa6 {[%emt 0:00:30]} Ne6 {[%emt 0:00:30]} 32. Qc4 {[%emt 0:00:30]} c6 {[%emt 0:00:30]} 33. Nc3 {[%emt 0:00:30]} Nc7 {[%emt 0:00:30]} 34. Qe4+ {[%emt 0:00:30]} Kh6 {[%emt 0:00:30]} 35. Qc4 {[%emt 0:00:30]} Nb5 {[%emt 0:00:30]} 36. Na4 {[%emt 0:00:30]} Ba7 {[%emt 0:00:30]} 37. Kg2 {[%emt 0:00:30]} Kh7 {[%emt 0:00:30]} 38. Nc3 {[%emt 0:00:30]} Nd6 {[%emt 0:00:30]} 39. Qb3 {[%emt 0:00:30]} g5 {[%emt 0:00:30]} 40. hxg5 {[%emt 0:00:30]} fxg5 {[%emt 0:00:30]} 41. Qd1 {[%emt 0:15:30]} g4 {[%emt 0:15:30]} 42. Qa1 {[%emt 0:00:30]} Qf7 {[%emt 0:00:30]} 43. Qa6 {[%emt 0:00:30]} Qc7 {[%emt 0:00:30]} 44. Kf1 {[%emt 0:00:30]} Kg6 {[%emt 0:00:30]} 45. b5 {[%emt 0:00:30]} 1-0

[Event "Reykjavik Chess Congress 2020"]
[Site "Reykjavik"]
[Date "2020.01.15"]
[Round "4.2"]
[White "Bjornsson, Sigurbjorn"]
[Black "Mai, Aron Thor"]
[Result "1-0"]
[WhiteElo "2331"]
[BlackElo "2167"]
[Annotator "TA"]
[PlyCount "59"]
[EventDate "2020.01.05"]
[EventType "swiss"]
[EventCountry "ISL"]
[SourceTitle "playchess.com"]
[Source "ChessBase"]
[SourceQuality "1"]

{[%evp 16,59,8,0,0,0,0,0,2,0,9,13,19,19,20,20,18,22,49,56,59,41,50,43,137,126,176,182,289,287,435,410,723,-391,1696,-196,567,-29999,759,-29999,29987,525,722,712,2311,2270]} 1. e4 c6 2. d4 d5 3. Nd2 dxe4 4. Nxe4 Bf5 5. Ng3 Bg6 6. Nh3 Nf6 7. Bc4 e6 8. c3 Bd6 9. Nf4 Qc7 {B18: Classical Caro-Kann: 4...Bf5 sidelines} 10. Qf3 Nbd7 11. h4 e5 $146 {The position is equal.} (11... c5 12. dxc5 Qxc5 13. Qe2 Rc8 14. Bb3 Qc7 15. h5 Bxf4 16. Bxf4 Qxf4 17. hxg6 {½-½ (77) Harikrishna,P (2753)-Navara,D (2734) Huaian 2016}) ({Predecessor:} 11... O-O-O 12. Nxg6 hxg6 13. Bg5 {½-½ (42) Jap Tjoen San,L (2116)-Belenkaya,D (2289) Mamaia 2016}) 12. Nxg6 hxg6 13. Bg5 O-O-O 14. O-O-O exd4 15. cxd4 Nb6 16. Bb3 Rde8 17. Bxf6 gxf6 18. Qxf6 Bxg3 19. fxg3 Qxg3 ({Better is} 19... Nd5 $14 20. Bxd5 cxd5+ 21. Kb1 Qxg3) 20. Bxf7 $16 Rhf8 {[#] Strongly threatening ...Nd5.} 21. Rhf1 Nd5 (21... Nc4 {was necessary.}) 22. Qxg6 $18 Qe3+ (22... Qxg6 {is a better defense.} 23. Bxg6 Ne3) 23. Kb1 Rxf7 (23... Qe2 $142 24. Rc1 Ne7) 24. Rf3 $4 {[%mdl 8192]} ({Less strong is} 24. Qxf7 Qe4+ 25. Ka1 Ne3 $18) (24. Rxf7 $18 Qe2 25. Rc1) 24... Rf5 $4 {[%mdl 8192]} (24... Rxf3 $19 25. Qg4+ Kb8 26. Qxf3 Rh8 27. Qxe3 Nxe3) 25. Rxf5 $4 {[%mdl 8192]} (25. Rxe3 $18 Ref8 26. Re8+ Rxe8 27. Qxf5+ Kc7 28. h5) 25... Qe2 $4 {[%mdl 8192]} (25... Qe4+ $19 {and life is good for Black.} 26. Ka1 Ne3 {[%mdl 64] Double Attack}) 26. Rf7 $4 {[%mdl 8192]} (26. Rff1 $18) 26... Kb8 $4 {[%mdl 8192]} (26... Qxd1#) 27. Qf5 $4 {[%mdl 8192]} (27. Rc1 $18) 27... Qc4 $4 {[%mdl 8192] [#]} (27... Qxd1# {and all is fine.}) 28. Qf3 (28. Qd7 $142 $1 Nc3+ 29. bxc3 Qxf7 30. Qxf7 Re2 31. Qf4+ Kc8 32. Qg4+ {[%mdl 64] Double Attack} Kc7 33. Qxe2) 28... Qb5 29. Rf8 Nc3+ 30. Ka1 {Accuracy: White = 45%, Black = 18%.} 1-0

[Event "Reykjavik Chess Congress 2020"]
[Site "Reykjavik"]
[Date "2020.01.15"]
[Round "4.3"]
[White "Karlsson, Mikael Johann"]
[Black "Kjartansson, David"]
[Result "0-1"]
[WhiteElo "2155"]
[BlackElo "2356"]
[Annotator "TA"]
[PlyCount "74"]
[EventDate "2020.01.05"]
[EventType "swiss"]
[EventCountry "ISL"]
[SourceTitle "playchess.com"]
[Source "ChessBase"]
[SourceQuality "1"]

{[%evp 11,74,0,1,-22,-8,-47,-44,-65,-48,-55,-42,-83,-68,-67,-62,-60,-67,-69,-61,-68,-53,-66,-64,-56,-59,-58,-56,-61,-56,-82,-59,-54,-43,-43,-36,-64,-70,-181,-128,-245,-227,-279,-284,-265,-270,-336,-230,-220,-202,-486,-481,-488,-485,-482,-472,-710,-755,-701,-480,-1726,-1741,-1594,-1482,-1210,-1113]} 1. c4 c5 2. g3 Nc6 3. Bg2 g6 4. Nc3 Bg7 5. Nf3 e6 6. d3 Nge7 7. Bg5 {A37: Symmetrical English vs ...g6: 4 Bg2 Bg7 5 Nf3} (7. Bd2 b6 8. Qc1 h6 9. O-O Bb7 10. a3 d6 11. Rb1 Qd7 12. b4 Rd8 13. Nb5 Ba8 14. Rd1 g5 15. bxc5 bxc5 {½-½ (55) Bachmann,A (2642)-Bologan,V (2654) Philadelphia 2016}) 7... O-O 8. Bxe7 Qxe7 9. O-O {Black is slightly better.} Rd8 $146 ({Predecessor:} 9... b6 10. Qd2 Bb7 {0-1 (53) Teloeken,D (870)-Schneider,L (1064) Kranenburg 2008}) 10. Nd2 b6 11. e4 Bb7 12. f4 Nd4 13. Nb3 d6 14. Qd2 a6 15. Rae1 Rab8 16. f5 b5 ({Of course not} 16... gxf5 17. exf5 Kh8 18. Bxb7 $11) 17. Nxd4 Bxd4+ 18. Kh1 bxc4 19. dxc4 Be5 20. Nd1 Bc6 21. b3 a5 $1 22. Ne3 Qg5 23. Qe2 h5 24. g4 {[#]} ({White should play} 24. fxe6 $15 fxe6 25. Bh3) 24... h4 (24... Qh4 $1 $19 {[%csl Ge5][%cal Rh4h2][%mdl 512]} 25. Bf3 a4 26. gxh5 gxh5) 25. Bf3 (25. h3 $17 {was worth a try.}) 25... a4 $19 26. Rb1 axb3 27. axb3 Rb7 {[%cal Bb8b7,Bb7a7,Ba7a1,Ba1b1][%mdl 32]} 28. Ng2 h3 29. Ne1 Rdb8 ({Weaker is} 29... exf5 30. exf5 Qxg4 31. fxg6 $15) 30. Qd3 $2 (30. Nd3 {only move.}) 30... Qf4 {[%csl Ge5][%cal Rf4h2] [#] Black is clearly winning.} 31. Rf2 Bd4 32. Rf1 Ra7 33. Qc2 (33. Qe2 $142 Rba8 34. e5 Qxg4 35. Qd3 Bxf3+ 36. Qxf3 exf5 37. exd6) 33... Rba8 {And now ...Ra2 would win.} 34. Nd3 Qg5 35. Nc1 (35. Qc1 $142 Be3 36. Qe1 exf5 37. gxf5 gxf5 38. Nf2 Bxf2 39. Qxf2) 35... Ra1 36. Ne2 R8a2 37. Qc1 Rxb1 {Accuracy: White = 39%, Black = 78%.} 0-1

[Event "Reykjavik Chess Congress 2020"]
[Site "Reykjavik"]
[Date "2020.01.15"]
[Round "4.4"]
[White "Briem, Stephan"]
[Black "Fridjonsson, Julius"]
[Result "0-1"]
[WhiteElo "2197"]
[BlackElo "2117"]
[Annotator "ChessBase"]
[PlyCount "136"]
[EventDate "2020.01.05"]
[EventType "swiss"]
[EventCountry "ISL"]
[SourceTitle "playchess.com"]
[Source "ChessBase"]
[SourceQuality "1"]
[TimeControl "40/5400+30:900+30"]

1. d4 {[%emt 0:00:00]} d5 {[%emt 0:00:00]} 2. c4 {[%emt 0:00:17]} c6 {[%emt 0:00:00]} 3. Nc3 {[%emt 0:00:32]} Nf6 {[%emt 0:00:00]} 4. cxd5 {[%emt 0:00:34]} cxd5 {[%emt 0:00:07]} 5. f3 {[%emt 0:00:27]} Qb6 {[%emt 0:00:57]} 6. e4 {[%emt 0:01:02]} dxe4 {[%emt 0:01:20]} 7. fxe4 {[%emt 0:00:36]} e5 {[%emt 0:00:37]} 8. Bb5+ {[%emt 0:02:24]} Nc6 {[%emt 0:01:48]} 9. d5 {[%emt 0:01:46]} Bb4 {[%emt 0:00:19]} 10. Qd3 {[%emt 0:01:57]} a6 {[%emt 0:23:11]} 11. Ba4 {[%emt 0:02:20]} Qa5 {[%emt 0:02:20]} 12. Bd1 {[%emt 0:07:27]} Nd4 {[%emt 0:04:29]} 13. Nge2 {[%emt 0:00:57]} O-O {[%emt 0:09:46]} 14. O-O {[%emt 0:19:15]} Nxe2+ {[%emt 0:06:23]} 15. Bxe2 {[%emt 0:03:37]} Ne8 {[%emt 0:01:23]} 16. Be3 {[%emt 0:08:43]} Bd7 {[%emt 0:01:32]} 17. Rac1 {[%emt 0:05:30]} Rc8 {[%emt 0:00:33]} 18. Rfe1 {[%emt 0:07:48]} Nd6 {[%emt 0:02:05]} 19. Qb1 {[%emt 0:08:04]} Rc7 {[%emt 0:05:36]} 20. a3 {[%emt 0:03:32]} Bc5 {[%emt 0:01:18]} 21. Bd3 {[%emt 0:07:30]} Rfc8 {[%emt 0:03:17]} 22. Kh1 {[%emt 0:01:19]} Bxa3 {[%emt 0:07:23]} 23. Ne2 {[%emt 0:07:34]} Bb4 {[%emt 0:03:17]} 24. Rxc7 {[%emt 0:01:35]} Rxc7 {[%emt 0:01:37]} 25. Rf1 {[%emt 0:03:12]} Bc5 {[%emt 0:01:25]} 26. Bg5 {[%emt 0:03:25]} f6 {[%emt 0:00:38]} 27. Bh4 {[%emt 0:01:13]} Be3 {[%emt 0:00:33]} 28. Be1 {[%emt 0:00:46]} Qa4 {[%emt 0:03:02]} 29. h3 {[%emt 0:00:34]} Qb3 {[%emt 0:03:40]} 30. Bc3 {[%emt 0:00:17]} Bb5 {[%emt 0:02:14]} 31. Ng3 {[%emt 0:00:38]} Bf4 {[%emt 0:01:19]} 32. Nh5 {[%emt 0:00:18]} Bh6 {[%emt 0:00:26]} 33. Rf3 {[%emt 0:00:47]} Bc4 {[%emt 0:02:39]} 34. Qf1 {[%emt 0:00:28]} Bxd3 {[%emt 0:00:18]} 35. Rxd3 {[%emt 0:00:32]} Qc4 {[%emt 0:00:38]} 36. Qd1 {[%emt 0:00:30]} Qxe4 {[%emt 0:00:37]} 37. Rg3 {[%emt 0:00:21]} Kh8 {[%emt 0:00:54]} 38. Qb3 {[%emt 0:00:35]} Qc4 {[%emt 0:01:01]} 39. Qa3 {[%emt 0:00:30]} Qxd5 {[%emt 0:00:51]} 40. Qa4 {[%emt 0:00:00]} Qc4 {[%emt 0:00:00]} 41. Qd1 {[%emt 0:01:23]} Qe6 {[%emt 0:06:55]} 42. Rd3 {[%emt 0:08:25]} Ne8 {[%emt 0:00:11]} 43. Rd8 {[%emt 0:01:57]} Rc8 {[%emt 0:00:07]} 44. Rd7 {[%emt 0:00:58]} b5 {[%emt 0:00:14]} 45. Rb7 {[%emt 0:03:21]} Qc6 {[%emt 0:02:42]} 46. Re7 {[%emt 0:00:59]} g6 {[%emt 0:04:09]} 47. Ng3 {[%emt 0:01:13]} Bf8 {[%emt 0:00:28]} 48. Rf7 {[%emt 0:00:59]} Kg8 {[%emt 0:00:29]} 49. Rd7 {[%emt 0:00:20]} Nd6 {[%emt 0:01:49]} 50. Qg4 {[%emt 0:00:46]} Qc4 {[%emt 0:02:10]} 51. Nh5 {[%emt 0:00:36]} Ne8 {[%emt 0:01:00]} 52. Qg3 {[%emt 0:00:38]} Qf1+ {[%emt 0:00:36]} 53. Kh2 {[%emt 0:00:05]} Qf5 {[%emt 0:00:06]} 54. Ra7 {[%emt 0:00:56]} Qxh5 {[%emt 0:00:46]} 55. Qd3 {[%emt 0:00:28]} Qf5 {[%emt 0:00:22]} 56. Qd5+ {[%emt 0:00:13]} Kh8 {[%emt 0:00:31]} 57. Qf7 {[%emt 0:00:25]} Ng7 {[%emt 0:01:45]} 58. Rxa6 {[%emt 0:00:52]} Nh5 {[%emt 0:03:57]} 59. Ra7 {[%emt 0:00:29]} Bg7 {[%emt 0:00:43]} 60. Rc7 {[%emt 0:00:32]} Rf8 {[%emt 0:00:18]} 61. Qe7 {[%emt 0:00:32]} Rg8 {[%emt 0:00:49]} 62. Qc5 {[%emt 0:00:27]} Qf4+ {[%emt 0:00:33]} 63. Kg1 {[%emt 0:00:26]} Qc1+ {[%emt 0:00:58]} 64. Kh2 {[%emt 0:00:06]} Qf4+ {[%emt 0:00:02]} 65. Kg1 {[%emt 0:00:01]} Ng3 {[%emt 0:00:26]} 66. Rc8 {[%emt 0:00:59]} Ne2+ {[%emt 0:00:33]} 67. Kh1 {[%emt 0:00:01]} h5 {[%emt 0:02:43]} 68. Rc6 {[%emt 0:01:18]} Ng3+ {[%emt 0:01:49]} 0-1

[Event "Reykjavik Chess Congress 2020"]
[Site "Reykjavik"]
[Date "2020.01.15"]
[Round "4.5"]
[White "Bjarnason, Olafur"]
[Black "Olafsson, Thorvardur"]
[Result "1/2-1/2"]
[WhiteElo "1815"]
[BlackElo "2188"]
[Annotator "TA"]
[PlyCount "58"]
[EventDate "2020.01.05"]
[EventType "swiss"]
[EventCountry "ISL"]
[SourceTitle "playchess.com"]
[Source "ChessBase"]
[SourceQuality "1"]

{[%evp 20,58,33,13,27,16,25,-4,0,3,12,17,11,3,28,-24,-1,-10,-10,-6,-7,-25,0,0,0,0,122,46,1786,1621,1232,905,903,859,29987,29988,29988,29983,29983,0,0]} 1. Nf3 Nf6 2. d4 g6 3. c4 Bg7 4. Nc3 d5 5. cxd5 Nxd5 6. e4 Nxc3 7. bxc3 c5 8. Bb5+ Bd7 9. Bxd7+ Nxd7 10. O-O O-O 11. Rb1 Qc7 {D85: Exchange Grünfeld: Unusual White 7th moves and lines with 7 Nf3} 12. Qb3 (12. Bg5 e6 13. Qd2 Nb6 14. Rfd1 Rfe8 15. h4 Na4 16. h5 Qc6 17. h6 Bh8 18. Re1 f6 19. Bh4 {1-0 (48) Lenic,L (2637)-Volokitin,A (2722) Austria 2013}) 12... b6 13. g3 $146 ({Predecessor:} 13. Bg5 Nf6 14. Rfe1 e6 15. a4 Rfc8 16. h3 cxd4 17. cxd4 Qc4 18. Qa3 Qc3 19. Rb3 {0-1 (57) Schneider Zinner,H (2375)-Gerhold,M (2207) St Johann im Pongau 2016}) 13... cxd4 14. cxd4 Qb7 15. e5 {e6 is the strong threat.} e6 $1 16. Ba3 Rfc8 17. Qe3 (17. Rfd1 $142) 17... Rc2 18. Rbc1 Rac8 19. Rxc2 Rxc2 20. Nd2 (20. Qb3 $5 {[%cal Rb3c2]} Qc7 21. Bb2 $11) 20... Qd5 {[%cal Rd7e5] White must now prevent ...Nxe5!} 21. Ne4 Qxa2 22. Be7 $36 {[%mdl 2048] Hoping for Qf4. White fights for an advantage.} Qa4 (22... Qd5 $11) 23. Nd6 (23. Qf4 $1 $16) 23... Bf8 $2 {[%mdl 8192]} (23... Qc6 $14) 24. Qf3 $18 f5 25. exf6 {Intending f7+ and mate.} Qxd4 {[#]} 26. Qb7 $1 {[%mdl 512]} Qd5 27. Qxd7 Rxf2 28. Rxf2 Qd1+ 29. Kg2 $2 (29. Rf1 $1 {mates} Qd4+ {[#]} 30. Kg2 $1 {[%mdl 512]} Qd5+ 31. Kf2 Qd2+ 32. Kf3 $1 {[%mdl 512]} Qd5+ 33. Ke2 Qa2+ 34. Ke3) 29... Qd5+ {Accuracy: White = 27%, Black = 31%.} 1/2-1/2

[Event "Reykjavik Chess Congress 2020"]
[Site "Reykjavik"]
[Date "2020.01.19"]
[Round "5.1"]
[White "Bjornsson, Sigurbjorn"]
[Black "Kjartansson, Gudmundur"]
[Result "1-0"]
[WhiteElo "2331"]
[BlackElo "2453"]
[Annotator "ChessBase"]
[PlyCount "101"]
[EventDate "2020.01.05"]
[EventType "swiss"]
[EventCountry "ISL"]
[SourceTitle "playchess.com"]
[Source "ChessBase"]
[SourceQuality "1"]
[TimeControl "40/5400+30:900+30"]

1. e4 {[%emt 0:00:00]} e5 {[%emt 0:00:00]} 2. Nf3 {[%emt 0:00:00]} Nc6 {[%emt 0:00:00]} 3. Nc3 {[%emt 0:00:05]} Nf6 {[%emt 0:00:03]} 4. Bb5 {[%emt 0:00:26]} Bd6 {[%emt 0:03:30]} 5. O-O {[%emt 0:00:42]} O-O {[%emt 0:00:17]} 6. d3 {[%emt 0:02:24]} Ne7 {[%emt 0:00:31]} 7. d4 {[%emt 0:05:36]} Ng6 {[%emt 0:00:55]} 8. dxe5 {[%emt 0:02:25]} Nxe5 {[%emt 0:00:45]} 9. Nxe5 {[%emt 0:07:53]} Bxe5 {[%emt 0:00:05]} 10. Bd3 {[%emt 0:01:15]} Re8 {[%emt 0:29:30]} 11. Bg5 {[%emt 0:19:15]} c6 {[%emt 0:12:01]} 12. Kh1 {[%emt 0:09:08]} Qc7 {[%emt 0:16:41]} 13. f4 {[%emt 0:08:40]} Bxc3 {[%emt 0:01:02]} 14. e5 {[%emt 0:00:33]} Bxe5 {[%emt 0:12:29]} 15. fxe5 {[%emt 0:00:09]} Qxe5 {[%emt 0:00:23]} 16. Bxf6 {[%emt 0:00:51]} gxf6 {[%emt 0:00:04]} 17. Rf5 {[%emt 0:09:33]} Qxb2 {[%emt 0:00:38]} 18. Rb1 {[%emt 0:03:40]} Qd4 {[%emt 0:06:38]} 19. Qh5 {[%emt 0:18:33]} d5 {[%emt 0:01:09]} 20. Rf3 {[%emt 0:02:08]} f5 {[%emt 0:06:38]} 21. Rh3 {[%emt 0:02:33]} Kf8 {[%emt 0:02:09]} 22. Qh6+ {[%emt 0:00:53]} Ke7 {[%emt 0:00:38]} 23. Re3+ {[%emt 0:03:10]} Be6 {[%emt 0:00:59]} 24. c3 {[%emt 0:01:02]} Qa4 {[%emt 0:03:26]} 25. Bxf5 {[%emt 0:00:41]} Kd6 {[%emt 0:00:18]} 26. Rbe1 {[%emt 0:00:47]} Kc7 {[%emt 0:00:12]} 27. Bxe6 {[%emt 0:00:29]} Rxe6 {[%emt 0:00:51]} 28. Rxe6 {[%emt 0:00:02]} fxe6 {[%emt 0:00:04]} 29. Qg7+ {[%emt 0:00:35]} Kd6 {[%emt 0:01:34]} 30. Qe5+ {[%emt 0:00:26]} Kc5 {[%emt 0:00:08]} 31. Qe3+ {[%emt 0:00:41]} Kb5 {[%emt 0:00:19]} 32. Qe2+ {[%emt 0:00:49]} Qc4 {[%emt 0:00:21]} 33. Qb2+ {[%emt 0:00:29]} Ka5 {[%emt 0:01:26]} 34. Qxb7 {[%emt 0:00:11]} Rg8 {[%emt 0:00:41]} 35. Rb1 {[%emt 0:00:50]} Qc5 {[%emt 0:00:33]} 36. Qc7+ {[%emt 0:00:33]} Ka6 {[%emt 0:00:24]} 37. Qb7+ {[%emt 0:00:10]} Ka5 {[%emt 0:00:01]} 38. Qc7+ {[%emt 0:00:28]} Ka6 {[%emt 0:00:19]} 39. Qf7 {[%emt 0:00:50]} Rf8 {[%emt 0:00:29]} 40. Qb7+ {[%emt 0:00:00]} Ka5 {[%emt 0:00:00]} 41. Qc7+ {[%emt 0:05:18]} Ka4 {[%emt 0:09:42]} 42. Qxh7 {[%emt 0:01:37]} Rf2 {[%emt 0:05:13]} 43. Qh4+ {[%emt 0:03:12]} Ka5 {[%emt 0:00:46]} 44. h3 {[%emt 0:00:38]} e5 {[%emt 0:01:27]} 45. Qd8+ {[%emt 0:00:38]} Ka4 {[%emt 0:00:17]} 46. Qc8 {[%emt 0:01:09]} a5 {[%emt 0:01:35]} 47. Qg4+ {[%emt 0:00:45]} Qc4 {[%emt 0:00:39]} 48. Qd1+ {[%emt 0:00:19]} Ka3 {[%emt 0:00:02]} 49. Rb3+ {[%emt 0:00:19]} Ka4 {[%emt 0:00:06]} 50. Rb4+ {[%emt 0:00:32]} Ka3 {[%emt 0:00:03]} 51. Qa4# {[%emt 0:00:14]} 1-0

[Event "Reykjavik Chess Congress 2020"]
[Site "Reykjavik"]
[Date "2020.01.19"]
[Round "5.2"]
[White "Kjartansson, David"]
[Black "Stefansson, Vignir Vatnar"]
[Result "0-1"]
[WhiteElo "2356"]
[BlackElo "2323"]
[Annotator "TA"]
[PlyCount "104"]
[EventDate "2020.01.05"]
[EventType "swiss"]
[EventCountry "ISL"]
[SourceTitle "playchess.com"]
[Source "ChessBase"]
[SourceQuality "1"]

{[%evp 9,104,18,15,14,27,18,29,29,31,25,29,21,26,14,14,10,14,13,22,15,21,20,19,24,24,24,17,24,27,21,14,10,76,72,76,70,70,77,66,85,70,72,75,56,73,0,58,0,110,58,117,106,147,147,156,146,113,98,83,0,0,0,0,0,0,0,0,-234,-227,-223,-233,-229,-204,-234,-210,-236,-229,-406,-406,-406,-402,-406,-406,-399,-399,-390,-390,-390,-386,-375,-377,-348,-348,-711,-492,-1301,-1368]} 1. d4 f5 2. Nf3 Nf6 3. Bf4 e6 4. e3 b6 5. h3 (5. Bd3 Bb7 6. O-O Nc6 7. c4 Ne7 8. Nc3 Ng6 9. Bg3 Be7 10. Nb5 d6 11. d5 exd5 12. Bxf5 dxc4 13. Ng5 Nf8 {1-0 (37) Shimanov,A (2587)-Bernadskiy,V (2554) Bastia 2019}) 5... Bb7 6. Be2 {A80: Dutch Defence: Unusual White second moves} Bd6 7. O-O $146 ({Predecessor:} 7. c4 Bxf4 8. exf4 c5 9. O-O cxd4 10. Nxd4 Nc6 11. Nb5 O-O 12. Nd6 Rb8 13. Nc3 Qe7 14. Nxb7 Rxb7 {½-½ (24) Fiorito,F (2368)-Dolezal,C (2411) Caba 2018}) 7... Bxf4 8. exf4 {White has an edge.} O-O 9. c4 Ne4 10. Nc3 Qf6 11. Qd3 d6 12. Rac1 Nd7 13. Rfd1 Qg6 14. Qe3 Ndf6 15. Nb5 Rfc8 16. d5 a6 $1 {[%cal Ra6b5]} 17. Nbd4 exd5 {...c5 is the strong threat.} 18. Nh4 Qf7 {Black wants to play ...g6.} 19. Ndxf5 Re8 20. cxd5 Nc5 (20... Bxd5 $11 21. b3 Bb7) 21. Qg3 $16 {Black must now prevent Nh6+.} Kh8 22. Bf3 {Threatens to win with b4.} a5 23. Ne3 Nfe4 24. Bxe4 Rxe4 25. f5 $1 Qf6 26. Nf3 h6 27. Nd2 (27. Qg6 $16) 27... Re7 (27... Ra4 $11) 28. Rc4 (28. Rc2 $14) 28... Bc8 (28... Ba6 $1 $11 {keeps the balance.} 29. Rf4 Be2) 29. b3 (29. Nf3 $16) 29... Bd7 ({Black should play} 29... Ba6 $1 $14) 30. Nf3 Re4 31. Rxe4 Nxe4 32. Qf4 Re8 {[%cal Ba8e8,Be8e7,Be7e2][%mdl 32]} 33. Qh4 Qc3 34. Re1 (34. Nd4 $1 $16) 34... Ng5 $11 {Hoping for ...Nxf3+.} 35. Rf1 Nxf3+ 36. gxf3 Bb5 $36 {[%mdl 2048] Black has some pressure.} 37. Qh5 Re7 38. Nc4 $2 (38. Rb1 $11) 38... Bxc4 $19 39. bxc4 Qxc4 {[%mdl 4160] Endgame Double Attack. KQR-KQR} 40. Rd1 Qc2 ({Stronger than} 40... Qxa2 41. f6 $1 $11 {[%mdl 512]}) 41. f4 Qe2 ({And not} 41... Qxa2 {[#]} 42. f6 $1 $11 {[%mdl 512]}) 42. Qxe2 Rxe2 {KR-KR} 43. Rc1 $2 (43. f6 {was called for.} gxf6 44. a3) 43... Rxa2 44. Rxc7 b5 45. Rb7 Rb2 46. Kg2 a4 47. Ra7 Rd2 48. Kf3 Rxd5 49. Ke4 Rc5 50. Ra6 Kg8 51. Rxd6 $2 (51. Ra7) 51... b4 {[%cal Bb5b4,Bb4b3][%mdl 32]} 52. Rb6 (52. Rd8+ $142 Kh7 53. f6 gxf6 54. Ra8) 52... b3 {Accuracy: White = 57%, Black = 68%.} 0-1

[Event "Reykjavik Chess Congress 2020"]
[Site "Reykjavik"]
[Date "2020.01.19"]
[Round "5.3"]
[White "Mai, Aron Thor"]
[Black "Ragnarsson, Johann"]
[Result "0-1"]
[WhiteElo "2167"]
[BlackElo "1946"]
[Annotator "ChessBase"]
[PlyCount "42"]
[EventDate "2020.01.05"]
[EventType "swiss"]
[EventCountry "ISL"]
[SourceTitle "playchess.com"]
[Source "ChessBase"]
[SourceQuality "1"]
[TimeControl "40/5400+30:900+30"]

1. e4 {[%emt 0:00:38]} c6 {[%emt 0:00:00]} 2. Nc3 {[%emt 0:00:23]} d5 {[%emt 0:00:46]} 3. Nf3 {[%emt 0:00:06]} Bg4 {[%emt 0:00:18]} 4. h3 {[%emt 0:01:25]} Bxf3 {[%emt 0:00:14]} 5. Qxf3 {[%emt 0:00:07]} dxe4 {[%emt 0:00:34]} 6. Nxe4 {[%emt 0:00:35]} Nd7 {[%emt 0:00:13]} 7. Bc4 {[%emt 0:03:52]} Ne5 {[%emt 0:05:17]} 8. Qb3 {[%emt 0:01:01]} Nxc4 {[%emt 0:00:17]} 9. Qxc4 {[%emt 0:00:05]} Qd5 {[%emt 0:00:07]} 10. Qe2 {[%emt 0:02:00]} f5 {[%emt 0:06:51]} 11. Ng3 {[%emt 0:00:09]} Qxg2 {[%emt 0:00:19]} 12. d3 {[%emt 0:00:37]} Qd5 {[%emt 0:07:44]} 13. c4 {[%emt 0:03:21]} Qd7 {[%emt 0:00:50]} 14. Bf4 {[%emt 0:03:37]} O-O-O {[%emt 0:05:18]} 15. Qe5 {[%emt 0:21:17]} Qd6 {[%emt 0:06:28]} 16. Qe3 {[%emt 0:13:21]} Qxd3 {[%emt 0:25:01]} 17. Qxa7 {[%emt 0:01:22]} e5 {[%emt 0:00:28]} 18. Qa8+ {[%emt 0:04:38]} Kd7 {[%emt 0:06:12]} 19. Qxb7+ {[%emt 0:00:37]} Ke6 {[%emt 0:00:13]} 20. Qxc6+ {[%emt 0:00:41]} Kf7 {[%emt 0:00:16]} 21. Bg5 {[%emt 0:08:32]} Bb4+ {[%emt 0:00:26]} 0-1